书目信息 |
| 题名: |
美国简易家具的制作
|
|
| 作者: | 范德沃特 编著 | |
| 分册: | ||
| 出版信息: | 北京 轻工业出版社 1982.2 |
|
| 页数: | 121页 | |
| 开本: | 26cm | |
| 丛书名: | ||
| 单 册: | ||
| 中图分类: | TS654 | |
| 科图分类: | ||
| 主题词: | 木材加工 | |
| 电子资源: | ||
| ISBN: | ||
| 000 | 00542nam0 2200181 45 | |
| 001 | 0181011373 | |
| 005 | 20060425170025.06 | |
| 010 | @dCNY0.77 | |
| 100 | @a20810111d km y0chiy0120 ea | |
| 101 | 0 | @achi |
| 200 | 1 | @a美国简易家具的制作@Amei guo jian yi jia ju de zhi zuo@f(美)唐纳德·W·范德沃特编著@F(mei)tang na de·W·fan de wo te bian zhu |
| 210 | @a北京@c轻工业出版社@d1982.2 | |
| 215 | @a121页@d26cm | |
| 606 | 0 | @a木材加工 |
| 690 | @aTS654 | |
| 701 | 0 | @a范德沃特@Afan de wo te@4编著 |
| 801 | @aCN@bTSTC@c20060425 | |
| 905 | @dTS654@e15 | |
| 美国简易家具的制作/(美)唐纳德·W·范德沃特编著.-北京:轻工业出版社,1982.2 |
| 121页;26cm |
| ISBN :CNY0.77 |
| ● |
| 相关链接 |
|
|
|
|
正题名:美国简易家具的制作
索取号:TS654/15
 
预约/预借
| 序号 | 登录号 | 条形码 | 馆藏地/架位号 | 状态 | 备注 |
| 1 | 0074032 | 202263816 | 密集书库/ [索取号:TS654/15] | 在馆 | |
| 2 | 0074033 | 202263852 | 密集书库/ [索取号:TS654/15] | 在馆 | |
| 3 | 0074034 | 202263898 | 密集书库/ [索取号:TS654/15] | 在馆 |